000 00619nam a2200181 i 4500
001 60001
003 ES-MaACL
005 20230906164134.0
007 t|
008 031031s1932 sp ||||1| spa d
100 1 _aErlacher, Philipp J.
_947403
245 1 0 _aOrtopedia operatoria
_b: tratado de operaciones relativas a todo el campo de la Ortopedia /
_cpor Philipp J. Erlacher ; traducción del alemán por Manuel Salaverri.
260 _aBarcelona :
_bLabor,
_c1932.
300 _aXV, 544 p. :
_bil. ;
_c25 cm.
650 4 _aOrtopedia.
_9152852
700 1 _aSalaverri, Manuel.
_9101786
852 _aES-MaACL
_jE-1290
999 _c60001
_d60001